000 00650nam a2200217 a 4500
001 000047432
005 20240313073820.0
008 180529s2017 dr 000 p spa d
020 _a9789945590609
040 _aDO-SdBNP
_bspa
_cBNPHU
082 _aRD861.
_bC527p
100 1 _aChevalier, Nan,
_d1965-
_9350
245 1 0 _aPresas de la inmediatez /
_cNan chevalier.
260 _aSanto Domingo :
_bFUNGLODE,
_c2017.
300 _a149 p. ;
_c24 cm.
490 1 _aPremios
590 _aInventariado, 2018/ YL
586 _aFunglode Poesía Pedro Mir, 2016
710 2 2 _aFundación Global Democracía y Desarrollo
_925477
830 0 _aPremios
_914100
999 _c46920
_d46920